| 000 | 00988nam a2200253 i 4500 | ||
|---|---|---|---|
| 003 | EG-ScBUE | ||
| 005 | 20240806144616.0 | ||
| 008 | 100628s1972 ua b f 000 0 ara d | ||
| 040 |
_aEG-ScBUE _bara _erda _cEG-ScBUE _dEG-ScBUE |
||
| 043 | _aar----- | ||
| 082 | 0 | 4 |
_222 _a956.04 _bح م ي |
| 100 | 1 |
_915375 _aعبد الحميد، محمد كمال، _eمؤلف. |
|
| 245 | 1 | 0 |
_aالشرق الأوسط في الميزان الاستراتيجي / _cتأليف لواء محمد كمال عبد الحميد. |
| 250 | _aالطبعة الرابعة. | ||
| 264 | 1 |
_aالقاهرة : _bمكتبة الأنجلو المصرية، _c1972. |
|
| 300 |
_a679 صفحة : _bخرائط ؛ _c24 سم |
||
| 336 |
_2rdacontent _aنص _btxt |
||
| 337 |
_aبدون وسيط _2rdamedia _bn |
||
| 338 |
_aمجلد _bnc _2rdacarrier |
||
| 541 |
_aألف باء ؛ _cشراء ؛ |
||
| 651 | 7 |
_915377 _aالشرق الأوسط _yتاريخ _y1945-1980. _2BUEsh |
|
| 655 | _vReading book | ||
| 942 |
_2ddc _cBB |
||
| 999 |
_c14261 _d14261 |
||